Star Wars: Mandalorian Clans - Statistics

General Stats
  • This quiz has been taken 135 times
    13 since last reset
  • The average score is 5 of 13
Answer Stats
Clan % Correct
Vizsla
92%
Wren
92%
Kryze
75%
Rook
50%
Saxon
50%
Awaud
17%
Bralor
17%
Eldar
17%
Mudhorn
17%
The Tribe
17%
Verminoth
17%
Keldau
8%
Tal
8%
No matching quizzes found
Score Distribution
Percent of People with Each Score
Percentile by Number Answered
Your Score History
You have not taken this quiz since the last reset